Virtuálne svety na báze peer to peer sietí

Na minha lista:
Detalhes bibliográficos
Autor principal: Kohaut, Peter, 1983- (Author)
Outros Autores: Drahoš, Peter 1981- (Thesis advisor)
Formato: Manuscrito Livro
Idioma:eslovaco
Publicado em: STU v Bratislave FIIT, 2008
Assuntos:
Tags: Adicionar Tag
Sem tags, seja o primeiro a adicionar uma tag!

MARC

LEADER 00000ntm a22000003a 4500
001 stu166312
005 20180413111328.1
008 080703s2008----xo------------------slo-d
040 |a STU  |b slo 
041 0 |a slo 
044 |a xo 
100 1 |a Kohaut, Peter,  |d 1983-  |4 aut  |X 30527  |7 A000030527 
245 1 |a Virtuálne svety na báze peer to peer sietí 
260 |b STU v Bratislave FIIT,  |c 2008 
300 |a 68 s  |c príl. 
650 7 |a softvérové inžinierstvo  |2 stusub 
700 1 |a Drahoš, Peter  |d 1981-  |4 ths  |u I300  |U FIIT Fakulta informatiky a informačných technológií  |T FIIT Ústav aplikovanej informatiky  |X 10312  |U I300  |Y 180  |7 A00010312 
996 |c I*DP32/08  |l II680  |s P  |a 0  |w stu166312_0001